CIM-orientierte Kostenrechnung Gestaltung der Kostenrechnung für die computerintegrierte Produktion

Gespeichert in:
Bibliographische Detailangaben
1. Verfasser: Daube, Kai
Format: Buch
Sprache:Deutsch
Veröffentlicht: Berlin Schmidt 1993
Ausgabe:1. Aufl.
Schriftenreihe:Technological economics Bd.49
Schlagworte:
Tags: Tag hinzufügen
Keine Tags, Fügen Sie das erste Tag hinzu!

MARC

LEADER 00000nam a2200000 4500
001 c010403
005 20221206074306.3
020 |a 3-503-03481-1 
041 0 |a ger 
044 |a DE 
245 1 0 |a CIM-orientierte Kostenrechnung  |b Gestaltung der Kostenrechnung für die computerintegrierte Produktion  |c Kai Daube 
250 |a 1. Aufl. 
264 1 |a Berlin  |b Schmidt  |c 1993 
300 |a 272 s. 
490 1 |a Technological economics  |v Bd.49 
830 0 |a Technological economics  |v Bd.49 
610 2 0 |a náklady 
610 2 0 |a evidencia 
610 2 0 |a CIM 
610 2 0 |a systémy informačné 
610 2 0 |a podnik 
610 2 0 |a automatizácia 
610 2 0 |a systémy riadenia 
610 2 0 |a modely 
610 2 0 |a hospodárstvo podnikové 
610 2 0 |a spracovanie dát 
100 1 |a Daube, Kai